Tutti i comuni della Valle D'Aosta (con mappa) - Statistics

Statistiche generali
  • Questo quiz è stato fatto 370 volte
  • Il punteggio medio è 32 su 74
Risposte nella Mappa
Le risposte nella mappa del quiz sottostante sono codificate secondo una scala di colori dal rosso al verde in base alla % di persone che hanno risposto correttamente.
 
Statistiche sulle risposte
Comune Provincia % Corretto
Aosta AO
100%
Courmayeur AO
81%
Cogne AO
75%
Pont-Saint-Martin AO
63%
Saint-Vincent AO
62%
Fénis AO
59%
La Thuile AO
58%
Châtillon AO
56%
Gressoney-Saint-Jean AO
56%
Bard AO
55%
Gressoney-La-Trinité AO
54%
Verrès AO
54%
Nus AO
53%
Morgex AO
52%
Pré-Saint-Didier AO
52%
Arnad AO
50%
Sarre AO
50%
Ayas AO
48%
Hône AO
47%
La Salle AO
47%
Valtournenche AO
47%
Aymavilles AO
46%
Champorcher AO
46%
Saint-Pierre AO
46%
Valgrisenche AO
46%
Gressan AO
45%
Valsavarenche AO
45%
Arvier AO
44%
Quart AO
44%
Rhêmes-Notre-Dame AO
44%
Brusson AO
43%
Introd AO
42%
Bionaz AO
41%
Donnas AO
41%
Saint-Christophe AO
41%
Issogne AO
40%
Pollein AO
40%
Avise AO
39%
Brissogne AO
39%
Chamois AO
39%
Rhêmes-Saint-Georges AO
39%
Torgnon AO
39%
Etroubles AO
38%
Saint-Nicolas AO
38%
Charvensod AO
37%
Saint-Marcel AO
37%
Valpelline AO
37%
Fontainemore AO
36%
Issime AO
36%
Antey-Saint-André AO
35%
Gaby AO
35%
Gignod AO
35%
Jovençan AO
35%
Montjovet AO
35%
Ollomont AO
35%
Saint-Rhémy-en-Bosses AO
35%
Villeneuve AO
35%
Chambave AO
34%
Champdepraz AO
34%
Challand-Saint-Anselme AO
33%
La Magdeleine AO
33%
Oyace AO
33%
Challand-Saint-Victor AO
32%
Doues AO
32%
Verrayes AO
32%
Allein AO
31%
Saint-Oyen AO
31%
Perloz AO
30%
Pontey AO
30%
Roisan AO
29%
Emarèse AO
28%
Pontboset AO
28%
Lillianes AO
27%
Saint-Denis AO
27%
Nessun quiz corrispondente trovato
Distribuzione punteggi
Percentuale di utenti per punteggio
Percentile per numero di risposta
I tuoi punteggi nel tempo
Non hai fatto questo quiz